|
|
|
|
| LEADER |
00000cam a2200000 a 4500 |
| 001 |
vtls010613851 |
| 003 |
SK-MaSNL |
| 005 |
20260302083615.0 |
| 008 |
251112s1748 xo 000 0 slo |
| 015 |
|
|
|a SNBHFA
|
| 035 |
|
|
|a 0520E2A6-70A7-4A3F-A542-9EDBB9AAEA33
|
| 035 |
|
|
|a urn:nbn:sk:snk-am3ic5b
|
| 035 |
|
|
|a urn:nbn:sk:snk-am00e2lg
|
| 040 |
|
|
|a SNK
|b slo
|c SNK
|e AACR2
|
| 041 |
0 |
|
|a slo
|a lat
|
| 044 |
|
|
|a xo
|c SK
|
| 072 |
|
7 |
|a 27-78
|x Kresťanské združenia, spolky a organizácie. Rehoľné rády
|2 konspekt
|
| 080 |
|
|
|a 27-788
|2 2011
|
| 080 |
|
|
|a 21/29-1/-9
|2 2011
|
| 080 |
|
|
|a 2-72
|2 2011
|
| 130 |
0 |
|
|a Laudetur
|9 656601
|
| 245 |
1 |
0 |
|a Laudetur Sanctissimum Sacramentum
|b Braterstwo Neyswetegssyho Tela Božjho. S Dowolenjm Oswyceného Pána Groffa Franciska Barkocyho Biskupa Gagerskeho wyzdwyhnute. Od Benedikta Papeže XIV. potwrzené, a s mnohými Odpustkámi obdarowane. W Kostole Panny Marye Ssebeskem Bratrůw Menssých S. Otca Francysska Roku Páne 1748.
|
| 246 |
1 |
|
|i Súčasť zbierky:
|a Rešetkova knižnica
|
| 260 |
|
|
|a Wytlačeno w Kossycách
|b s Nakladem Patronöw Arcy=Braterstva skrze N.R.
|c 1748
|e Wytlačeno w Kossycách
|f w Impresyi Towarýstwa Gežjsse
|
| 300 |
|
|
|a [12] s.
|c 15 cm
|
| 500 |
|
|
|a Titulná strana s vinetou, typogr. ozdoby, kustody
|
| 510 |
1 |
|
|a Petrik VII/297
|
| 510 |
4 |
|
|a Bibliografia 18. storočia
|c 5368
|
| 546 |
|
|
|a Slovenčina
|b Fraktura
|
| 561 |
|
|
|a Exlibris: Z Biblioteki Uhro=Slowenskég Michala Ressetka.
|5 SNK SE 984
|
| 561 |
|
|
|a Pečiatka s textom Národní museum v Praze.
|5 SNK SE 984
|
| 650 |
0 |
7 |
|a rehoľné pravidlá
|2 SNK
|9 303374
|
| 650 |
0 |
7 |
|a rehoľné spoločenstvá
|2 SNKPH
|9 69976
|
| 650 |
0 |
7 |
|a náboženstvo
|2 SNKPH
|9 2023
|
| 650 |
0 |
7 |
|a cirkev
|2 SNKPH
|9 1922
|
| 700 |
1 |
|
|a Rešetka, Michal,
|d 1794-1854
|4 fmo
|9 37150
|
| 700 |
1 |
|
|a Barkóci, František,
|d 1710-1765
|4 cns
|9 156101
|
| 700 |
0 |
|
|a Benedikt
|b XIV.,
|c pápež,
|d 1675-1758
|4 oth
|9 100176
|
| 710 |
2 |
|
|a Akademická tlačiareň (Košice, Slovensko)
|4 prt
|9 218171
|
| 752 |
|
|
|a Slovensko
|d Košice
|
| 852 |
|
|
|a snk
|b Historické fondy
|p SE 984
|
| 958 |
|
|
|a ONDV
|
| 958 |
|
|
|a DD
|
| 999 |
|
|
|c 1184440
|d 1186370
|
| 952 |
|
|
|t Reš 33
|a SNK
|b SNK
|y PREZ
|7 0
|p 17A1114681
|o snkSE 984
|i snk4307/53
|0 0
|1 0
|4 0
|d 2014-08-12
|l 0
|r 2026-02-24 21:51:23
|w 2026-02-24
|